The world in London (Record no. 112422)

MARC details
000 -LEADER
fixed length control field 00789cad a22002175a 4500
001 - CONTROL NUMBER
control field L153222
008 - FIXED-LENGTH DATA ELEMENTS--GENERAL INFORMATION
fixed length control field 120619s2011 xxk f 000 0 eng d
035 ## - SYSTEM CONTROL NUMBER
System control number (Sirsi) u153222
041 0# - LANGUAGE CODE
Language code of text/sound track or separate title eng
050 04 - LIBRARY OF CONGRESS CALL NUMBER
Classification number 306.1 $2 18
110 2# - MAIN ENTRY--CORPORATE NAME
Corporate name or jurisdiction name as entry element Savills
9 (RLIN) 2020
245 04 - TITLE STATEMENT
Title The world in London
Medium [electronic resource]
260 ## - PUBLICATION, DISTRIBUTION, ETC.
Place of publication, distribution, etc. London
Date of publication, distribution, etc. Savills
Name of publisher, distributor, etc. 2011
490 #0 - SERIES STATEMENT
Series statement Savills Research
520 ## - SUMMARY, ETC.
Summary, etc. London's prime residential market attracts global investment. Regional breakdown of capital invested.
590 ## - LOCAL NOTE (RLIN)
Local note KA
651 #4 - SUBJECT ADDED ENTRY--GEOGRAPHIC NAME
Geographic name London
690 ## - LOCAL SUBJECT ADDED ENTRY--TOPICAL TERM (OCLC, RLIN)
Topical term or geographic name as entry element PROPERTY-RESIDENTIAL PROPERTY-RESIDENTIAL PROPERTY MARKET
856 40 - ELECTRONIC LOCATION AND ACCESS
Uniform Resource Identifier <a href="https://pdf.euro.savills.co.uk/residential---other/the-world-in-london---summer-2011.pdf">https://pdf.euro.savills.co.uk/residential---other/the-world-in-london---summer-2011.pdf</a>
Public note View the report after free registration at www.savills.co.uk
942 ## - ADDED ENTRY ELEMENTS (KOHA)
Suppress in OPAC 0
Holdings
Withdrawn status Lost status Source of classification or shelving scheme Damaged status Not for loan Home library Current library Shelving location Date acquired Total Checkouts Full call number Barcode Date last seen Copy number Price effective from Koha item type
    Dewey Decimal Classification     Virtual Virtual Online 24/06/2011   ONLINE PUBLICATION 153222-2001 06/08/2019 1 06/08/2019 Book